[Event "Minsk Bronstein 100 Memorial op"]
[Site "Minsk"]
[Date "2024.02.18"]
[Round "9"]
[White "Korzubov, Peter"]
[Black "Krauchanka, Yuliya"]
[Result "1-0"]
[WhiteElo "2387"]
[BlackElo "1679"]
[PlyCount "65"]
[EventDate "2024.02.17"]
[EventType "swiss"]
[EventRounds "10"]
[EventCountry "BLR"]
[SourceTitle "CBM 218 Extra"]
[Source "ChessBase"]
[SourceDate "2024.03.31"]
[SourceVersion "1"]
[SourceVersionDate "2024.03.31"]
[SourceQuality "1"]

1. e4 c5 2. Nf3 Nc6 3. d4 cxd4 4. Nxd4 Nf6 5. Nc3 e5 6. Ndb5 d6 7. a4 a6 8. Na3 Be7 9. Be2 Be6 10. 0-0 d5 11. exd5 Nxd5 12. Nxd5 Qxd5 13. Be3 0-0 14. Qxd5 Bxd5 15. Rfd1 Be6 16. Bb6 Bd8 17. Bc5 Be7 18. Bxe7 Nxe7 19. Bc4 Bf5 20. Re1 Ng6 21. Bd5 Rfd8 22. Bxb7 Rab8 23. Bxa6 Rxb2 24. Nc4 Rxc2 25. Ne3 Rc6 26. Bb5 Rf6 27. Nxf5 Rxf5 28. a5 e4 29. Bc6 Rc5 30. Bxe4 f5 31. Bb7 Rb5 32. a6 Kf7 33. Reb1 1-0

[Event "Minsk Bronstein 100 Memorial op"]
[Site "Minsk"]
[Date "2024.02.18"]
[Round "6"]
[White "Korzubov, Peter"]
[Black "Zarubitski, Viachaslau"]
[Result "0-1"]
[WhiteElo "2387"]
[BlackElo "2402"]
[PlyCount "80"]
[EventDate "2024.02.17"]
[EventType "swiss"]
[EventRounds "10"]
[EventCountry "BLR"]
[SourceTitle "CBM 218 Extra"]
[Source "ChessBase"]
[SourceDate "2024.03.31"]
[SourceVersion "1"]
[SourceVersionDate "2024.03.31"]
[SourceQuality "1"]

1. e4 c6 2. d4 d5 3. e5 c5 4. c3 Nc6 5. Be3 Qb6 6. Qb3 c4 7. Qc2 Bf5 8. Qd2 e6 9. Nf3 h6 10. Be2 Nge7 11. Na3 Bh7 12. 0-0 Nf5 13. Nc2 Be7 14. Rfb1 Nxe3 15. fxe3 Qd8 16. b3 b5 17. a4 a6 18. Rb2 Na5 19. bxc4 bxc4 20. Rf1 0-0 21. Na1 Rb8 22. Bd1 Bd3 23. Be2 Be4 24. Bd1 Qd7 25. Rxb8 Rxb8 26. Bc2 Rb2 27. Qc1 Ba3 28. Qd1 Bxc2 29. Nxc2 Qxa4 30. Nfe1 Bf8 31. Qf3 Rb7 32. e4 dxe4 33. Qxe4 Qc6 34. Qxc6 Nxc6 35. Ne3 Rb3 36. Nxc4 Rxc3 37. Nd6 Nxd4 38. Nxf7 Bc5 39. Kh1 Rc1 40. Nd8 Bb4 0-1

[Event "Minsk Bronstein 100 Memorial op"]
[Site "Minsk"]
[Date "2024.02.18"]
[Round "10"]
[White "Savelev, Matvei"]
[Black "Korzubov, Peter"]
[Result "1/2-1/2"]
[WhiteElo "1777"]
[BlackElo "2387"]
[PlyCount "84"]
[EventDate "2024.02.17"]
[EventType "swiss"]
[EventRounds "10"]
[EventCountry "BLR"]
[SourceTitle "CBM 218 Extra"]
[Source "ChessBase"]
[SourceDate "2024.03.31"]
[SourceVersion "1"]
[SourceVersionDate "2024.03.31"]
[SourceQuality "1"]

1. d4 Nf6 2. Bf4 e6 3. e3 d5 4. Nf3 Bd6 5. Bg3 Ne4 6. Bd3 Bxg3 7. hxg3 Nd7 8. Nbd2 f5 9. c4 c6 10. Qc2 Qe7 11. a3 0-0 12. c5 e5 13. Nxe5 Nxe5 14. dxe5 Nxd2 15. Kxd2 Qxe5 16. Qc3 Qe7 17. Rh4 Bd7 18. Rah1 h6 19. Qb4 Rab8 20. Rc1 b6 21. cxb6 Qxb4+ 22. Rxb4 axb6 23. Rh4 c5 24. Bb1 Be6 25. Ra4 Rfd8 26. Ba2 Kf7 27. Ra7+ Kf6 28. Rc7 Rbc8 29. Rxc8 Rxc8 30. Re1 Ke7 31. f3 Rf8 32. Kc2 Rf6 33. Rd1 Rg6 34. g4 fxg4 35. f4 d4 36. Bxe6 Rxe6 37. exd4 cxd4 38. Rxd4 h5 39. g3 Re3 40. Rd3 Re2+ 41. Rd2 Re3 42. Rd3 Ke6 1/2-1/2

[Event "Minsk Bronstein 100 Memorial op"]
[Site "Minsk"]
[Date "2024.02.17"]
[Round "4"]
[White "Korzubov, Peter"]
[Black "Arhipov, Roman"]
[Result "1-0"]
[WhiteElo "2387"]
[BlackElo "1580"]
[PlyCount "109"]
[EventDate "2024.02.17"]
[EventType "swiss"]
[EventRounds "10"]
[EventCountry "BLR"]
[SourceTitle "CBM 218 Extra"]
[Source "ChessBase"]
[SourceDate "2024.03.31"]
[SourceVersion "1"]
[SourceVersionDate "2024.03.31"]
[SourceQuality "1"]

1. e4 e5 2. Nf3 Nc6 3. Bb5 a6 4. Ba4 b5 5. Bb3 Nf6 6. d4 d6 7. dxe5 dxe5 8. Qxd8+ Kxd8 9. Ng5 Ke7 10. Nxf7 Rg8 11. Ng5 Rh8 12. c3 h6 13. Nf3 Be6 14. Nh4 Kf7 15. Bxe6+ Kxe6 16. Ng6 Rg8 17. Nxf8+ Rgxf8 18. f3 Nh5 19. Ke2 g5 20. g3 Rf7 21. Be3 Na5 22. Nd2 Nb7 23. Nb3 Nd6 24. Nc5+ Ke7 25. b3 Raf8 26. Rhf1 a5 27. Rad1 Nf6 28. g4 Rg8 29. Bf2 h5 30. h3 Rh7 31. Bg3 Nf7 32. Rd2 Rf8 33. Rfd1 hxg4 34. hxg4 Rfh8 35. Kf2 Rh6 36. Kg2 R6h7 37. Nd7 Nd6 38. Nxe5 Ke6 39. Nc6 Nf7 40. Nd4+ Kd7 41. Nxb5+ Kc6 42. Nd4+ Kb7 43. Ne6 Re8 44. Nxc7 Rc8 45. Nd5 Nxd5 46. Rxd5 Rxc3 47. Rd7+ Kc8 48. R1d2 Rc1 49. Re7 a4 50. bxa4 Rhh1 51. Rxf7 Rhg1+ 52. Kf2 Rgf1+ 53. Ke2 Rfe1+ 54. Bxe1 Rxe1+ 55. Kxe1 1-0

[Event "BLR-ch sf"]
[Site "Minsk"]
[Date "2023.12.12"]
[Round "6"]
[White "Bahdanovich, Mikhail"]
[Black "Korzubov, Peter"]
[Result "0-1"]
[WhiteElo "1585"]
[BlackElo "2437"]
[PlyCount "86"]
[EventDate "2023.12.07"]
[EventType "swiss"]
[EventRounds "9"]
[EventCountry "BLR"]
[SourceTitle "CBM 217 Extra"]
[Source "ChessBase"]
[SourceDate "2024.01.31"]
[SourceVersion "1"]
[SourceVersionDate "2024.01.31"]
[SourceQuality "1"]

1. d4 Nf6 2. c4 e6 3. Nf3 d5 4. e3 Be7 5. b3 0-0 6. Bd3 c5 7. cxd5 exd5 8. 0-0 b6 9. Bb2 Bb7 10. Qc2 Nc6 11. a3 h6 12. Nbd2 Rc8 13. dxc5 bxc5 14. Rac1 Bd6 15. Rfd1 Re8 16. Bb5 a6 17. Ba4 Re6 18. Nf1 Ne5 19. Nxe5 Bxe5 20. Bxe5 Rxe5 21. b4 c4 22. Rd4 a5 23. Nd2 axb4 24. axb4 Qe7 25. Qc3 Rb8 26. Bc2 Re6 27. e4 Bc6 28. Rb1 dxe4 29. Rxc4 Qe8 30. b5 Bd5 31. Rcb4 Rc8 32. Nc4 e3 33. fxe3 Ng4 34. Qd4 Nxe3 35. Nxe3 Rxe3 36. Bd3 Rd8 37. Bf1 Bxg2 38. Qb2 Bxf1 39. Kxf1 Rf3+ 40. Kg1 Rfd3 41. Kh1 Rd1+ 42. Rxd1 Rxd1+ 43. Kg2 Qe3 0-1

[Event "BLR-ch sf"]
[Site "Minsk"]
[Date "2023.12.10"]
[Round "4"]
[White "Korzubov, Peter"]
[Black "Tsiuryn, Ilya"]
[Result "1-0"]
[WhiteElo "2437"]
[BlackElo "1638"]
[PlyCount "53"]
[EventDate "2023.12.07"]
[EventType "swiss"]
[EventRounds "9"]
[EventCountry "BLR"]
[SourceTitle "CBM 217 Extra"]
[Source "ChessBase"]
[SourceDate "2024.01.31"]
[SourceVersion "1"]
[SourceVersionDate "2024.01.31"]
[SourceQuality "1"]

1. e4 Nf6 2. d3 d5 3. e5 Nfd7 4. f4 c5 5. Nf3 Nc6 6. c3 d4 7. Nbd2 Nb6 8. c4 Bf5 9. Nh4 e6 10. Nxf5 exf5 11. Be2 f6 12. 0-0 Be7 13. g4 g6 14. gxf5 gxf5 15. Bh5+ Kd7 16. Bf7 Rg8+ 17. Kh1 fxe5 18. Qh5 Rg7 19. Qxf5+ Kc7 20. Ne4 Nd7 21. fxe5 Ndxe5 22. Bf4 Bd6 23. Bd5 Ne7 24. Qh5 N7g6 25. Bg3 Qe7 26. Rf6 Rd8 27. Re6 1-0

[Event "BLR-ch sf"]
[Site "Minsk"]
[Date "2023.12.09"]
[Round "3"]
[White "Timoshenko, Anton"]
[Black "Korzubov, Peter"]
[Result "1-0"]
[WhiteElo "1816"]
[BlackElo "2437"]
[PlyCount "137"]
[EventDate "2023.12.07"]
[EventType "swiss"]
[EventRounds "9"]
[EventCountry "BLR"]
[SourceTitle "CBM 217 Extra"]
[Source "ChessBase"]
[SourceDate "2024.01.31"]
[SourceVersion "1"]
[SourceVersionDate "2024.01.31"]
[SourceQuality "1"]

1. d4 f5 2. Nf3 Nf6 3. Bf4 g6 4. e3 Bg7 5. c4 0-0 6. Nc3 d6 7. c5 Kh8 8. Bc4 Ne4 9. h4 h6 10. Ng5 Nxg5 11. hxg5 e5 12. gxh6 Bf6 13. dxe5 dxe5 14. Qxd8 Rxd8 15. Bg3 c6 16. Ke2 Kh7 17. b4 b5 18. cxb6 axb6 19. a4 Bb7 20. Rad1 Na6 21. Rb1 Nc7 22. Rhc1 Kxh6 23. f3 Ne8 24. e4 Nd6 25. Bd3 c5 26. bxc5 bxc5 27. Bf2 fxe4 28. fxe4 c4 29. Be3+ Kg7 30. Bxc4 Nxc4 31. Rxb7+ Kg8 32. Nd5 Rxd5 33. Rxc4 Rd6 34. Rb6 Be7 35. Rxd6 Bxd6 36. Bb6 Kf7 37. a5 Ke6 38. Kd3 Kd7 39. Kc2 Be7 40. Rc3 Bb4 41. Rd3+ Kc6 42. Rd5 Bd6 43. Kc3 g5 44. Kc4 g4 45. Bc5 Bc7 46. Bb4 Ra6 47. Bc3 Ra8 48. Rc5+ Kd7 49. Kd5 Ra6 50. Bxe5 Bxa5 51. Rb5 Be1 52. Rb7+ Kc8 53. Rb1 Bf2 54. Rb8+ Kd7 55. Rb7+ Ke8 56. Rg7 g3 57. Bd6 Ra7 58. Rxa7 Bxa7 59. Bxg3 Kf7 60. e5 Be3 61. e6+ Ke7 62. Ke4 Bc1 63. Kf5 Bb2 64. Be1 Ba3 65. Bc3 Bc1 66. g4 Bh6 67. Bf6+ Ke8 68. g5 Bf8 69. e7 1-0

[Event "Minsk Bronstein Memorial op"]
[Site "Minsk"]
[Date "2015.02.14"]
[Round "2"]
[White "Korzubov, Peter"]
[Black "Buzuk, Rostislav"]
[Result "1-0"]
[WhiteElo "2443"]
[BlackElo "1897"]
[PlyCount "73"]
[EventDate "2015.02.14"]
[EventType "swiss (rapid)"]
[EventRounds "10"]
[EventCountry "BLR"]
[SourceTitle "EXT 2017"]
[Source "ChessBase"]
[SourceDate "2016.10.25"]
[SourceVersion "1"]
[SourceVersionDate "2016.10.25"]
[SourceQuality "1"]

1. e4 c6 2. d4 d5 3. e5 Bf5 4. Nc3 h5 5. Nf3 e6 6. Be2 Be7 7. 0-0 h4 8. h3 Nd7 9. Be3 g5 10. Nh2 Nf8 11. Qd2 Nh6 12. f4 Rg8 13. Kh1 g4 14. hxg4 Nxg4 15. Nxg4 Bxg4 16. Bxg4 Rxg4 17. f5 Bg5 18. Qe2 Rg3 19. Bf2 exf5 20. Bxg3 hxg3 21. Rxf5 Ne6 22. Qh5 Qe7 23. Raf1 0-0-0 24. Rxf7 Qe8 25. Rh7 Qg8 26. Qf7 Qxf7 27. Rfxf7 Be3 28. Ne2 c5 29. c3 cxd4 30. cxd4 Nxd4 31. Rc7+ Kb8 32. Rxb7+ Ka8 33. Rxa7+ Kb8 34. Nxd4 Bxd4 35. Rhb7+ Kc8 36. Ra8+ Kxb7 37. Rxd8 1-0

[Event "Minsk Bronstein Memorial op"]
[Site "Minsk"]
[Date "2015.02.14"]
[Round "1"]
[White "Runets, Ivan"]
[Black "Korzubov, Peter"]
[Result "0-1"]
[WhiteElo "1576"]
[BlackElo "2443"]
[PlyCount "108"]
[EventDate "2015.02.14"]
[EventType "swiss (rapid)"]
[EventRounds "10"]
[EventCountry "BLR"]
[SourceTitle "EXT 2017"]
[Source "ChessBase"]
[SourceDate "2016.10.25"]
[SourceVersion "1"]
[SourceVersionDate "2016.10.25"]
[SourceQuality "1"]

1. d4 Nf6 2. Nf3 b5 3. Bf4 Bb7 4. e3 a6 5. Bd3 e6 6. Nbd2 c5 7. c3 Be7 8. h3 0-0 9. 0-0 d5 10. Ne5 Nbd7 11. Ndf3 Ne4 12. Nxd7 Qxd7 13. Ne5 Qe8 14. f3 Nf6 15. Qe2 Nd7 16. Nxd7 Qxd7 17. Bc2 Rac8 18. Qd3 g6 19. Rae1 Rfd8 20. Qe2 b4 21. Bd3 a5 22. Bb5 Bc6 23. Bxc6 Qxc6 24. Rc1 Qb6 25. Rfd1 a4 26. cxb4 cxd4 27. Rxc8 Rxc8 28. a3 Bf6 29. exd4 Bxd4+ 30. Kh1 Bg7 31. Be5 Bxe5 32. Qxe5 Qc7 33. Qxc7 Rxc7 34. Rd2 Kf8 35. Kg1 Ke7 36. Kf2 Kd6 37. Ke3 e5 38. Kd3 f5 39. Rc2 e4+ 40. fxe4 fxe4+ 41. Kd2 d4 42. Rxc7 Kxc7 43. g4 g5 44. Ke2 Kc6 45. Kd2 Kb5 46. Ke2 Kc4 47. Kd2 e3+ 48. Ke2 h6 49. Ke1 d3 50. Kd1 Kd4 51. Ke1 Ke4 52. Kd1 Kf3 53. Ke1 d2+ 54. Kd1 Kf2 0-1

[Event "Minsk Bronstein Memorial op"]
[Site "Minsk"]
[Date "2015.02.14"]
[Round "9"]
[White "Selitski, Aleksandr Nikolaevi"]
[Black "Korzubov, Peter"]
[Result "1/2-1/2"]
[WhiteElo "1892"]
[BlackElo "2443"]
[PlyCount "64"]
[EventDate "2015.02.14"]
[EventType "swiss (rapid)"]
[EventRounds "10"]
[EventCountry "BLR"]
[SourceTitle "EXT 2017"]
[Source "ChessBase"]
[SourceDate "2016.10.25"]
[SourceVersion "1"]
[SourceVersionDate "2016.10.25"]
[SourceQuality "1"]

1. d4 f5 2. Nc3 Nf6 3. Bg5 d5 4. Bxf6 exf6 5. e3 Bb4 6. Bd3 c6 7. Qf3 g6 8. Nge2 Be6 9. h3 Nd7 10. g4 fxg4 11. hxg4 Bf7 12. 0-0-0 Qe7 13. e4 dxe4 14. Bxe4 0-0-0 15. a3 Bxc3 16. Nxc3 Nb6 17. d5 cxd5 18. Nxd5 Nxd5 19. Bxd5 Bxd5 20. Rxd5 Rxd5 21. Qxd5 Kb8 22. Rd1 Rc8 23. Qd6+ Qxd6 24. Rxd6 Rf8 25. Rd7 Rh8 26. Rf7 h5 27. gxh5 gxh5 28. Rxf6 h4 29. Rg6 h3 30. Rg1 Rf8 31. Rh1 Rxf2 32. Rxh3 a6 1/2-1/2

[Event "EU-Cup 14th Group7"]
[Site "Belgrade"]
[Date "1998.11.08"]
[Round "1"]
[White "Drasko, Milan"]
[Black "Korzubov, Peter"]
[Result "1/2-1/2"]
[WhiteElo "2515"]
[BlackElo "2455"]
[PlyCount "43"]
[EventDate "1998.11.07"]
[EventType "team-k.o."]
[EventRounds "3"]
[EventCountry "YUG"]
[SourceTitle "EXT 2020"]
[Source "ChessBase"]
[SourceDate "2019.10.17"]
[SourceVersion "1"]
[SourceVersionDate "2019.10.17"]
[SourceQuality "1"]
[WhiteTeam "Zemun Agrouniverzal"]
[BlackTeam "Soligorsk Kaliyshchik"]
[WhiteTeamCountry "SRB"]
[BlackTeamCountry "BLR"]

1. d4 d5 2. c4 e6 3. Nc3 Nf6 4. cxd5 exd5 5. Bg5 c6 6. e3 Be7 7. Qc2 Bg4 8. Bd3 Bh5 9. Nge2 Bg6 10. 0-0 Na6 11. a3 Nc7 12. Nf4 0-0 13. Na4 Bxd3 14. Nxd3 Ne4 15. Bxe7 Qxe7 16. Nac5 Nxc5 17. Qxc5 Rfe8 18. Qxe7 Rxe7 19. a4 a5 20. Rfc1 Na6 21. Rc3 Kf8 22. g3 1/2-1/2

[Event "Minsk Zepter op"]
[Site "Minsk"]
[Date "1998.04.27"]
[Round "3"]
[White "Korzubov, Peter"]
[Black "Malakhov, Vladimir"]
[Result "1/2-1/2"]
[WhiteElo "2455"]
[BlackElo "2535"]
[PlyCount "183"]
[EventDate "1998.04.25"]
[EventType "swiss"]
[EventRounds "9"]
[EventCountry "BLR"]
[SourceTitle "CBM 064 Extra"]
[Source "ChessBase"]
[SourceDate "1998.07.07"]
[SourceVersion "1"]
[SourceVersionDate "1998.07.07"]
[SourceQuality "1"]

1. e4 c5 2. Nf3 g6 3. c3 Bg7 4. d4 cxd4 5. cxd4 d5 6. e5 Bg4 7. Be2 e6 8. Nc3 Ne7 9. 0-0 0-0 10. Ne1 Bxe2 11. Nxe2 Nbc6 12. Nc2 Rc8 13. Ne3 Qb6 14. b3 Qa6 15. Qd2 Qa5 16. Qxa5 Nxa5 17. Bd2 Nac6 18. Rac1 f6 19. f4 fxe5 20. dxe5 Rfd8 21. Rfd1 Kf7 22. Nc2 Bf8 23. Ncd4 Nxd4 24. Nxd4 Nf5 25. Nxf5 gxf5 26. Rxc8 Rxc8 27. Rc1 Rc6 28. Kf2 Rxc1 29. Bxc1 Bc5+ 30. Kf3 h5 31. Bd2 Bd4 32. h3 Bb2 33. Ke3 Ke8 34. Kd3 Kd7 35. Be3 a6 36. b4 Kc6 37. a4 b6 38. g3 b5 39. a5 h4 40. gxh4 Kd7 41. Kc2 Ba1 42. Bf2 Ke8 43. Be3 Kf7 44. Bf2 Kg6 45. Be3 Kh6 46. Bc5 d4 47. Kd3 Bc3 48. Bf8+ Kh5 49. Be7 Kg6 50. Bc5 Be1 51. Be7 Kf7 52. Ke2 Bg3 53. Bg5 Kg6 54. Kd3 Be1 55. Be7 Bf2 56. Bg5 Kf7 57. Ke2 Be3 58. h5 Bc1 59. h6 Kg6 60. Kd1 Bb2 61. Bh4 Ba3 62. Be1 d3 63. Bc3 Kxh6 64. Kd2 Kh5 65. Kxd3 Bc1 66. Bd2 Bxd2 67. Kxd2 Kh4 68. Ke3 Kg3 69. h4 Kxh4 70. Kd4 Kg4 71. Kc5 Kxf4 72. Kd6 Ke4 73. Kxe6 f4 74. Kd6 f3 75. e6 f2 76. e7 f1Q 77. e8Q+ Kd4 78. Kc6 Qf6+ 79. Kb7 Kc4 80. Qe4+ Kb3 81. Ka7 Ka4 82. Kb7 Qd6 83. Qb1 Qxb4 84. Qa2+ Qa3 85. Qxa3+ Kxa3 86. Kxa6 b4 87. Kb7 b3 88. a6 b2 89. a7 b1Q+ 90. Kc7 Qc2+ 91. Kb8 Qb3+ 92. Kc7 1/2-1/2

[Event "BLR-ch"]
[Site "Minsk"]
[Date "1996.??.??"]
[Round "1"]
[White "Kochetkov, German"]
[Black "Korzubov, Peter"]
[Result "1/2-1/2"]
[WhiteElo "2385"]
[BlackElo "2440"]
[PlyCount "67"]
[EventDate "1996.??.??"]
[EventType "tourn"]
[EventRounds "11"]
[EventCountry "BLR"]
[EventCategory "7"]
[SourceTitle "CBM 053 Extra"]
[Source "ChessBase"]
[SourceDate "1996.09.01"]
[SourceVersion "1"]
[SourceVersionDate "1996.09.01"]
[SourceQuality "1"]

1. b4 d5 2. Bb2 e6 3. e3 Nf6 4. b5 c5 5. Nf3 Bd6 6. c4 0-0 7. Be2 b6 8. a4 Bb7 9. 0-0 Nbd7 10. d4 Qe7 11. Ne5 cxd4 12. exd4 dxc4 13. Nxc4 Bb4 14. Nc3 Nd5 15. Na2 Bd6 16. Bf3 Rfd8 17. Nc1 Rac8 18. Qb3 Bb8 19. Nd3 Nf8 20. Rac1 Ng6 21. g3 Qd7 22. Nde5 Nxe5 23. dxe5 Ne7 24. Rcd1 Bd5 25. Bxd5 Nxd5 26. Ne3 Qb7 27. Nxd5 Rxd5 28. Rxd5 Qxd5 29. Qxd5 exd5 30. Rd1 Rd8 31. f4 g6 32. Rc1 Kf8 33. Kf2 d4 34. Rc4 1/2-1/2

[Event "BLR-ch"]
[Site "Minsk"]
[Date "1996.??.??"]
[Round "7"]
[White "Korneevets, Alexander"]
[Black "Korzubov, Peter"]
[Result "1/2-1/2"]
[WhiteElo "2325"]
[BlackElo "2440"]
[PlyCount "40"]
[EventDate "1996.??.??"]
[EventType "tourn"]
[EventRounds "11"]
[EventCountry "BLR"]
[EventCategory "7"]
[SourceTitle "CBM 053 Extra"]
[Source "ChessBase"]
[SourceDate "1996.09.01"]
[SourceVersion "1"]
[SourceVersionDate "1996.09.01"]
[SourceQuality "1"]

1. d4 d5 2. c4 e6 3. Nc3 Be7 4. Nf3 Nf6 5. Bf4 0-0 6. e3 c5 7. Qc2 Nc6 8. dxc5 Bxc5 9. a3 Qa5 10. Rd1 Be7 11. Nd2 e5 12. Nb3 Qb6 13. Bg5 d4 14. Bxf6 Bxf6 15. Nd5 Qd8 16. Bd3 g6 17. exd4 Nxd4 18. Nxd4 exd4 19. Nxf6+ Qxf6 20. 0-0 Bg4 1/2-1/2

[Event "BLR-ch"]
[Site "Minsk"]
[Date "1996.??.??"]
[Round "8"]
[White "Korzubov, Peter"]
[Black "Litvinov, V."]
[Result "1-0"]
[WhiteElo "2440"]
[BlackElo "2370"]
[PlyCount "119"]
[EventDate "1996.??.??"]
[EventType "tourn"]
[EventRounds "11"]
[EventCountry "BLR"]
[EventCategory "7"]
[SourceTitle "CBM 053 Extra"]
[Source "ChessBase"]
[SourceDate "1996.09.01"]
[SourceVersion "1"]
[SourceVersionDate "1996.09.01"]
[SourceQuality "1"]

1. e4 c5 2. Nf3 e6 3. d4 cxd4 4. Nxd4 Nc6 5. Nb5 d6 6. Bf4 e5 7. Be3 Nf6 8. Bg5 a6 9. Bxf6 gxf6 10. N5c3 f5 11. Nd2 Bg7 12. Bc4 0-0 13. 0-0 Nd4 14. Bd5 f4 15. Kh1 Kh8 16. Ne2 Nc6 17. Ng1 Ne7 18. Bb3 b5 19. Qh5 Ng8 20. a4 Bb7 21. Qe2 Qd7 22. Ngf3 Nf6 23. axb5 axb5 24. Rad1 Bc6 25. Nh4 Qb7 26. f3 Rfe8 27. Nf5 Bf8 28. Qf2 d5 29. Qh4 Ng8 30. exd5 Bxd5 31. Bxd5 Qxd5 32. Ne4 Qe6 33. Nfd6 Bxd6 34. Rxd6 Qc4 35. Rdd1 Ra6 36. Qf2 Qc7 37. Qe2 Rc6 38. Qd3 b4 39. Rd2 Rc4 40. Qb3 Re6 41. Rfd1 Nf6 42. Nxf6 Rxf6 43. Qa4 Qc6 44. Qa5 Qc5 45. Qd8+ Kg7 46. Rd5 Qf2 47. R5d2 Qe3 48. b3 Rcc6 49. Rd3 Qc5 50. R3d2 Ra6 51. h3 Ra2 52. c4 Ra3 53. Qd3 Qe3 54. Qxe3 fxe3 55. Rd3 e2 56. Re1 e4 57. Re3 exf3 58. gxf3 Re6 59. R1xe2 Rxb3 60. Rg2+ 1-0

[Event "Minsk op"]
[Site "Minsk"]
[Date "1996.??.??"]
[Round "5"]
[White "Korzubov, Peter"]
[Black "Tisevich, Roman"]
[Result "1/2-1/2"]
[WhiteElo "2440"]
[BlackElo "2365"]
[PlyCount "110"]
[EventDate "1996.??.??"]
[EventType "swiss"]
[EventRounds "9"]
[EventCountry "BLR"]
[SourceTitle "EXT 2000"]
[Source "ChessBase"]
[SourceDate "1999.11.16"]
[SourceVersion "1"]
[SourceVersionDate "1999.11.16"]
[SourceQuality "1"]

1. e4 c5 2. Nf3 e6 3. d3 Nc6 4. g3 Nf6 5. Bg2 Be7 6. 0-0 d6 7. Ng5 h6 8. Nh3 e5 9. f4 Bg4 10. Qe1 Nd4 11. Rf2 Qc8 12. Qf1 0-0 13. c3 Nc6 14. Na3 Bd7 15. f5 Na5 16. Nc2 b5 17. Ne3 Bc6 18. b4 Nb7 19. Rc2 a5 20. Nf2 axb4 21. cxb4 Qd7 22. Nfg4 Nxg4 23. Nxg4 f6 24. Qf3 Rad8 25. Bxh6 d5 26. Rf1 dxe4 27. dxe4 Qd3 28. Qxd3 Rxd3 29. Bc1 c4 30. Nf2 Rd4 31. a3 Bd8 32. Re1 Bb6 33. Kf1 Rd7 34. g4 Bxf2 35. Kxf2 Rd3 36. Re3 Rd4 37. h4 Nd6 38. Rce2 c3 39. g5 Bb7 40. gxf6 gxf6 41. Rxc3 Nxe4+ 42. Bxe4 Bxe4 43. Re1 Kh8 44. Rg1 Rg8 45. Rxg8+ Kxg8 46. Rc8+ Kf7 47. Rc7+ Ke8 48. Bh6 Bxf5 49. Bg7 Bd7 50. h5 Kf7 51. h6 Kg6 52. Ke3 Rd5 53. Ke4 Rd6 54. Ke3 Rd4 55. Ra7 Rd6 1/2-1/2

[Event "BLR-ch"]
[Site "Minsk"]
[Date "1996.??.??"]
[Round "9"]
[White "Ruban, Evgeny"]
[Black "Korzubov, Peter"]
[Result "0-1"]
[WhiteElo "2325"]
[BlackElo "2440"]
[PlyCount "128"]
[EventDate "1996.??.??"]
[EventType "tourn"]
[EventRounds "11"]
[EventCountry "BLR"]
[EventCategory "7"]
[SourceTitle "CBM 053 Extra"]
[Source "ChessBase"]
[SourceDate "1996.09.01"]
[SourceVersion "1"]
[SourceVersionDate "1996.09.01"]
[SourceQuality "1"]

1. e4 e6 2. d3 c5 3. g3 Nc6 4. Bg2 g6 5. Nc3 Bg7 6. Be3 d6 7. Nge2 Nd4 8. 0-0 Ne7 9. Qd2 0-0 10. Nd1 Rb8 11. c3 Nxe2+ 12. Qxe2 e5 13. Qd2 f5 14. f4 b6 15. Nf2 Bb7 16. fxe5 dxe5 17. Bh6 Qd6 18. Bxg7 Kxg7 19. exf5 gxf5 20. Bxb7 Rxb7 21. Rae1 Nc6 22. Qe3 Rbf7 23. g4 Qg6 24. Qg3 fxg4 25. Qxg4 Rf3 26. Qxg6+ hxg6 27. Kg2 R8f5 28. Rd1 R3f4 29. Ne4 Ne7 30. Rfe1 Nd5 31. Rd2 Rf3 32. Ng3 Ne3+ 33. Kg1 R5f4 34. Rde2 Ng4 35. Rd2 Rf7 36. d4 exd4 37. cxd4 Rd7 38. d5 Re3 39. Red1 Ne5 40. Kg2 Nc4 41. Rc2 Nd6 42. Kf2 Re5 43. Re2 Kf6 44. Kf3 Rh7 45. Rf2 Ke7 46. Kg2 Rh4 47. Re2 Rxe2+ 48. Nxe2 Ne4 49. Ng3 Kd6 50. Rf1 Kxd5 51. Rf7 Nxg3 52. Kxg3 Ra4 53. a3 Kc4 54. Rf3 Kb5 55. h4 Rd4 56. Rf6 Rd1 57. Kg2 Rd2+ 58. Kf3 Rxb2 59. Rxg6 Rh2 60. Kg3 Rh1 61. Rg4 c4 62. Kg2 Rd1 63. h5 c3 64. Rb4+ Kc5 0-1

[Event "BLR-ch"]
[Site "Minsk"]
[Date "1994.??.??"]
[Round "11"]
[White "Korzubov, Peter"]
[Black "Smirnov, Valerij"]
[Result "0-1"]
[WhiteElo "2455"]
[BlackElo "2305"]
[PlyCount "112"]
[EventDate "1994.06.??"]
[EventType "tourn"]
[EventRounds "11"]
[EventCountry "BLR"]
[EventCategory "7"]
[SourceTitle "CBM 042 Extra"]
[Source "ChessBase"]
[SourceDate "1994.11.01"]
[SourceVersion "1"]
[SourceVersionDate "1994.11.01"]
[SourceQuality "1"]

1. e4 c5 2. c3 d5 3. exd5 Qxd5 4. d4 Nf6 5. Nf3 Nc6 6. Be2 cxd4 7. cxd4 e6 8. Nc3 Qd6 9. 0-0 Be7 10. Be3 0-0 11. a3 b6 12. b4 Bb7 13. Qb3 Rac8 14. Rfd1 Rfd8 15. h3 Bf8 16. Bg5 Ne7 17. Ne5 Nf5 18. Nb5 Qb8 19. Ng4 a6 20. Bxf6 gxf6 21. Nxf6+ Kh8 22. Nc3 Bg7 23. Nce4 Bxe4 24. Nxe4 Nxd4 25. Rxd4 Rxd4 26. Ng3 b5 27. Rf1 Qc7 28. Qf3 Rf4 29. Qd3 Qd8 30. Qb1 Rd4 31. Ne4 Qh4 32. Bf3 Be5 33. g3 Qh6 34. Bg2 Qg6 35. Qe1 Bg7 36. Qe2 f5 37. Nc5 e5 38. Nb3 Rd6 39. Nc5 h6 40. Rc1 e4 41. Rc2 h5 42. Kh1 Qh6 43. h4 Re8 44. Bf3 Red8 45. Bg2 Rd2 46. Rxd2 Rxd2 47. Qe1 Rc2 48. Nb3 Qb6 49. Nc5 Qh6 50. Nb3 Qg6 51. Bh3 f4 52. Bg2 e3 53. Nc5 Rxf2 54. Qd1 e2 55. Qd8+ Kh7 56. Nd3 Rf1+ 0-1

[Event "BLR-ch"]
[Site "Minsk"]
[Date "1994.??.??"]
[Round "7"]
[White "Korzubov, Peter"]
[Black "Zajogin, Alexander"]
[Result "1-0"]
[WhiteElo "2455"]
[BlackElo "2380"]
[PlyCount "41"]
[EventDate "1994.06.??"]
[EventType "tourn"]
[EventRounds "11"]
[EventCountry "BLR"]
[EventCategory "7"]
[SourceTitle "CBM 042 Extra"]
[Source "ChessBase"]
[SourceDate "1994.11.01"]
[SourceVersion "1"]
[SourceVersionDate "1994.11.01"]
[SourceQuality "1"]

1. e4 e5 2. Nf3 Nc6 3. Bc4 Bc5 4. c3 Nf6 5. d3 a6 6. 0-0 Ba7 7. Re1 d6 8. Bb3 0-0 9. Nbd2 Kh8 10. Nf1 Ng4 11. d4 exd4 12. cxd4 f5 13. Bg5 Nf6 14. Ng3 fxe4 15. Rxe4 h6 16. Rh4 d5 17. Qd3 Ne7 18. Bc2 Kg8 19. Bxf6 Rxf6 20. Qh7+ Kf8 21. Nh5 1-0

[Event "BLR-ch"]
[Site "Minsk"]
[Date "1994.??.??"]
[Round "4"]
[White "Lutsko, Igor"]
[Black "Korzubov, Peter"]
[Result "1/2-1/2"]
[WhiteElo "2420"]
[BlackElo "2455"]
[PlyCount "21"]
[EventDate "1994.06.??"]
[EventType "tourn"]
[EventRounds "11"]
[EventCountry "BLR"]
[EventCategory "7"]
[SourceTitle "CBM 042 Extra"]
[Source "ChessBase"]
[SourceDate "1994.11.01"]
[SourceVersion "1"]
[SourceVersionDate "1994.11.01"]
[SourceQuality "1"]

1. e4 c6 2. d4 d5 3. Nc3 dxe4 4. Nxe4 Nf6 5. Nxf6+ exf6 6. Bf4 Bd6 7. Bxd6 Qxd6 8. c3 Qe7+ 9. Qe2 Bg4 10. Qxe7+ Kxe7 11. Be2 1/2-1/2